000
00212 a2200097 4500
001
28906
100
_a
Purvis, J
245
_a
All About Small Gas Engines
260
_a
_b
Goodheart
_c
1963
090
_c
19320
_d
19320
942
_a
NUST-CAE
_c
M
_c
10359
999
_c
263979
_d
263979